University Home | Library Home | Institutional Repository

River channel changes / (Record no. 63325)

MARC details
000 -LEADER
fixed length control field 01153cam6a220026500 4500
001 - CONTROL NUMBER
control field lce00233541
008 - FIXED-LENGTH DATA ELEMENTS--GENERAL INFORMATION
fixed length control field 770318s1977 enka b 101 0 eng
010 ## - LIBRARY OF CONGRESS CONTROL NUMBER
LC control number 77004342 //r82
020 ## - INTERNATIONAL STANDARD BOOK NUMBER
International Standard Book Number 047199524X
035 ## - SYSTEM CONTROL NUMBER
System control number (Sirsi) r90035
035 ## - SYSTEM CONTROL NUMBER
System control number (DLC) 77004342 //r82
035 ## - SYSTEM CONTROL NUMBER
System control number (UPRA)lce00233541
050 0# - LIBRARY OF CONGRESS CALL NUMBER
Classification number GB561
Item number .R58
082 ## - DEWEY DECIMAL CLASSIFICATION NUMBER
Classification number 551.4/83
245 00 - TITLE STATEMENT
Title River channel changes /
Statement of responsibility, etc. edited by K. J. Gregory.
260 ## - PUBLICATION, DISTRIBUTION, ETC.
Place of publication, distribution, etc. Chichester ; New York :
-- Chichester ; New York :
Name of publisher, distributor, etc. Wiley,
Date of publication, distribution, etc. c1977.
500 ## - GENERAL NOTE
General note Based on papers presented at a symposium organised by the British Geomorphological Research Group during the annual conference of the Institute of British Geographers at Lanchester Polytechnic in Jan. 1976.
500 ## - GENERAL NOTE
General note "A Publication of the British Geomorphological Research Group."
500 ## - GENERAL NOTE
General note "A Wiley-Interscience publication."
504 ## - BIBLIOGRAPHY, ETC. NOTE
Bibliography, etc. note Includes bibliographies and index.
650 #0 - SUBJECT ADDED ENTRY--TOPICAL TERM
Topical term or geographic name entry element River channels -- Congresses.
General subdivision River channels -- Congresses.
Linkage S38359.1
700 1# - ADDED ENTRY--PERSONAL NAME
Personal name Gregory, K. J. (Kenneth John)
Fuller form of name Gregory, K. J. (Kenneth John)
Linkage A12101.1
949 ## - LOCAL PROCESSING INFORMATION (OCLC)
a GB561
w lcc
i -126483
m MAIN
t BOOK
l ON-SHELF

No items available.

© 2026 - The University of Zambia Library - Koha v25.11